01186cas a22002537a 4500999001500000003000400015005001700019008004100036040001400077110005400091245016100145246003900306260012900345650004400474650004400518650002900562653001400591710005400605710006500659710004800724856006100772942001500833952008400848 c6972d6972OSt20231121103605.0161108s2010 spcab|||| 000 00cat|d bcatcCDMR2 93633aAssociació Catalana de la Premsa Comarcal13aEl llibre blanc de les revistes i la premsa en catalàcFederació d’Associacions d’Editors de Premsa, Revistes i Mitjans digitals editats en català33aLlibre blanc de la premsa comarcal aBarcelona :bFederació d’Associacions d’Editors de Premsa, Revistes i Mitjans digitals editats en català,c2010-201607aPremsa comarcalzCatalunya2lemac9371704aMitjans de comunicació digitals9307904aRevistes catalanes94401 aMemòria2 aAssociació Catalana de la Premsa Comarcal936332 aAssociació de Publicacions Periòdiques en Català913421 aCatalunya.bDepartament de la Presidència4 uhttp://www.premsacomarcal.cat/bibliotecazAccés lliure cSER-E2udc 00104070aCDMRbCDMRd2016-11-08h2010-2016l0r2016-11-08w2016-11-08ySER-E